[Event "ZL-2012-0-01245"]
[Site "LSS email"]
[Date "2013.01.04"]
[Round "?"]
[White "Lauer, Fredric"]
[Black "Sharov, Sergey"]
[Result "1-0"]
[WhiteElo "935"]
[BlackElo "969"]
[PlyCount "45"]
[EventDate "2012.12.18"]
[EventType "match (corr)"]
[EventRounds "2"]
[EventCountry "GER"]
[SourceTitle "Telechess CBM 159"]
[Source "ChessBase"]
[SourceDate "2014.03.17"]
[SourceVersion "1"]
[SourceVersionDate "2014.03.17"]
[SourceQuality "1"]
[WhiteTeam "IWEC (Canada)"]

1. e4 e5 2. Nf3 Nc6 3. Nc3 Nf6 4. Bb5 d6 5. 0-0 Bd7 6. d4 exd4 7. Nxd4 Be7 8. Nxc6 bxc6 9. Bd3 0-0 10. f4 Re8 11. Be3 d5 12. e5 Ng4 13. Qd2 Nxe3 14. Qxe3 Qb8 15. b3 Qb6 16. Qxb6 cxb6 17. Kh1 Bb4 18. Ne2 Bg4 19. h3 Bxe2 20. Bxe2 Bc3 21. Rad1 Rad8 22. Rd3 Bb4 23. c3 1-0

[Event "OP-2012-0-02562"]
[Site "LSS email"]
[Date "2012.12.26"]
[Round "?"]
[White "Guaimare Rodriguez, Carlos Luis"]
[Black "Sharov, Sergey"]
[Result "0-1"]
[WhiteElo "961"]
[BlackElo "969"]
[PlyCount "60"]
[EventDate "2012.12.23"]
[EventType "tourn (corr)"]
[EventRounds "4"]
[EventCountry "GER"]
[SourceTitle "Telechess CBM 159"]
[Source "ChessBase"]
[SourceDate "2014.03.17"]
[SourceVersion "1"]
[SourceVersionDate "2014.03.17"]
[SourceQuality "1"]

1. Nf3 Nf6 2. c4 c5 3. g3 g6 4. Bg2 Bg7 5. 0-0 0-0 6. Nc3 Nc6 7. d3 d6 8. Bg5 h6 9. Bd2 Bd7 10. a3 Rb8 11. Rb1 a6 12. b4 cxb4 13. axb4 Kh7 14. Qc2 e6 15. b5 Ne7 16. bxa6 bxa6 17. h4 Qc7 18. Be3 Nf5 19. Ra1 Nxe3 20. fxe3 Ng4 21. Qd2 d5 22. Rac1 Qxg3 23. cxd5 exd5 24. Nxd5 Rfe8 25. Rc7 Rb2 26. Qe1 Qd6 27. Rc4 Nxe3 28. Nxe3 Rxe3 29. Nd2 Be6 30. Ne4 Qb6 0-1

[Event "ZL-2012-0-01243"]
[Site "LSS email"]
[Date "2012.12.22"]
[Round "?"]
[White "Sharov, Sergey"]
[Black "Bozhan, Ganev"]
[Result "0-1"]
[WhiteElo "1092"]
[BlackElo "1119"]
[PlyCount "38"]
[EventDate "2012.12.11"]
[EventType "match (corr)"]
[EventRounds "2"]
[EventCountry "GER"]
[SourceTitle "Corr 2015"]
[Source "ChessBase"]
[SourceDate "2015.07.17"]
[SourceVersion "1"]
[SourceVersionDate "2015.07.17"]
[SourceQuality "1"]

1. e4 Nf6 2. e5 Nd5 3. c4 Nb6 4. d4 d6 5. f4 dxe5 6. fxe5 Nc6 7. Be3 Bf5 8. Nc3 e6 9. Be2 Be7 10. Nf3 0-0 11. 0-0 f6 12. h3 fxe5 13. Nxe5 Nxe5 14. dxe5 Qe8 15. Kh2 Rd8 16. Qb3 Qg6 17. Rac1 Bh4 18. Bf2 Bxh3 19. Bf3 Rxf3 0-1

[Event "OP-2012-0-02549"]
[Site "LSS email"]
[Date "2012.12.19"]
[Round "?"]
[White "Ilkow, Zbigniew"]
[Black "Sharov, Sergey"]
[Result "0-1"]
[WhiteElo "696"]
[BlackElo "966"]
[PlyCount "46"]
[EventDate "2012.12.16"]
[EventType "tourn (corr)"]
[EventRounds "4"]
[EventCountry "GER"]
[SourceTitle "Telechess CBM 159"]
[Source "ChessBase"]
[SourceDate "2014.03.17"]
[SourceVersion "1"]
[SourceVersionDate "2014.03.17"]
[SourceQuality "1"]

1. e4 c5 2. Nf3 d6 3. Nc3 Nc6 4. a3 Nf6 5. d4 cxd4 6. Nxd4 Bd7 7. Be3 Ng4 8. Nxc6 bxc6 9. Qe2 Nxe3 10. fxe3 g6 11. 0-0-0 Bg7 12. Qf3 Bxc3 13. bxc3 Qa5 14. Kd2 Qxa3 15. Bc4 0-0 16. Ra1 Qc5 17. Ra4 Be6 18. Qe2 d5 19. exd5 cxd5 20. Bd3 Rfc8 21. c4 dxc4 22. Bxc4 Bxc4 23. Qf2 Bb3 0-1

[Event "RF-2012-0-00140"]
[Site "LSS email"]
[Date "2012.12.19"]
[Round "?"]
[White "Kratky, Josef"]
[Black "Sharov, Sergey"]
[Result "1-0"]
[WhiteElo "1148"]
[BlackElo "969"]
[PlyCount "73"]
[EventDate "2012.11.07"]
[EventType "tourn (corr)"]
[EventRounds "6"]
[EventCountry "GER"]
[SourceTitle "Telechess CBM 159"]
[Source "ChessBase"]
[SourceDate "2014.03.17"]
[SourceVersion "1"]
[SourceVersionDate "2014.03.17"]
[SourceQuality "1"]

1. e4 e5 2. Nf3 Nc6 3. Bc4 Bc5 4. b4 Bxb4 5. c3 Be7 6. d4 d6 7. 0-0 Nf6 8. d5 Nb8 9. Nbd2 0-0 10. Bd3 Nbd7 11. c4 Nc5 12. Bc2 Bg4 13. h3 Bh5 14. Ba3 Nfd7 15. Re1 Bg5 16. g4 Bg6 17. Nf1 h5 18. Ng3 hxg4 19. hxg4 Bf4 20. Kg2 Bxg3 21. Kxg3 Qf6 22. Qd2 Rfe8 23. g5 Qd8 24. Qe3 Bh5 25. Rh1 Bxf3 26. Kxf3 g6 27. Ke2 Kg7 28. Rh6 Rh8 29. Rah1 Rxh6 30. Rxh6 Nf8 31. Bxc5 dxc5 32. Rh3 Nh7 33. f4 exf4 34. Qxf4 Nxg5 35. Rg3 Nh7 36. e5 Nf8 37. Rh3 1-0

[Event "SF-2012-0-00177"]
[Site "LSS email"]
[Date "2012.11.12"]
[Round "?"]
[White "Oberlaender, Rolf"]
[Black "Sharov, Sergey"]
[Result "1-0"]
[WhiteElo "741"]
[BlackElo "969"]
[PlyCount "89"]
[EventDate "2012.10.25"]
[EventType "tourn (corr)"]
[EventRounds "6"]
[EventCountry "GER"]
[SourceTitle "Telechess CBM 159"]
[Source "ChessBase"]
[SourceDate "2014.03.17"]
[SourceVersion "1"]
[SourceVersionDate "2014.03.17"]
[SourceQuality "1"]

1. e4 e5 2. Nf3 Nf6 3. Nxe5 d6 4. Nf3 Nxe4 5. Qe2 Qe7 6. d3 Nf6 7. Bg5 Qxe2+ 8. Bxe2 Be7 9. Nc3 0-0 10. 0-0-0 c6 11. Bxf6 Bxf6 12. h4 Bxc3 13. bxc3 Bg4 14. d4 Re8 15. Rde1 Nd7 16. h5 h6 17. Rh4 Nf6 18. Kd1 Bxh5 19. Bd3 Rxe1+ 20. Kxe1 Re8+ 21. Kd2 Bxf3 22. gxf3 Re6 23. c4 c5 24. Bf5 Re7 25. dxc5 dxc5 26. a4 Re5 27. Bd3 Rg5 28. Rh2 Rg1 29. Rh4 Ra1 30. Rf4 Rxa4 31. Rf5 b6 32. Re5 Kf8 33. Re1 Ne8 34. Re5 Nd6 35. Kc3 Ra1 36. Rd5 Ke7 37. Kb2 Re1 38. c3 Ke6 39. f4 g6 40. Kc2 h5 41. Kd2 Ra1 42. Re5+ Kf6 43. Ke3 Re1+ 44. Kf3 Rxe5 45. fxe5+ 1-0

[Event "SF-2012-0-00177"]
[Site "LSS email"]
[Date "2012.11.11"]
[Round "?"]
[White "Camps, Jean Pierre"]
[Black "Sharov, Sergey"]
[Result "1-0"]
[WhiteElo "1506"]
[BlackElo "969"]
[PlyCount "55"]
[EventDate "2012.10.25"]
[EventType "tourn (corr)"]
[EventRounds "6"]
[EventCountry "GER"]
[SourceTitle "Telechess CBM 159"]
[Source "ChessBase"]
[SourceDate "2014.03.17"]
[SourceVersion "1"]
[SourceVersionDate "2014.03.17"]
[SourceQuality "1"]

1. e4 e5 2. Nc3 Nc6 3. f4 d6 4. Nf3 Nf6 5. Bc4 Be7 6. f5 a6 7. 0-0 b5 8. Bd5 Bb7 9. d4 Nxd5 10. Nxd5 Nxd4 11. Nxd4 Bxd5 12. exd5 exd4 13. Re1 0-0 14. Qg4 Bf6 15. Bd2 Qd7 16. Bg5 Be5 17. Rad1 Rae8 18. Re4 f6 19. Bf4 Re7 20. Kh1 Kh8 21. Bd2 Rfe8 22. Qh3 g6 23. g4 gxf5 24. gxf5 Rg8 25. Bh6 c6 26. Rg4 Ree8 27. Rdg1 Rxg4 28. Qxg4 1-0

[Event "SF-2012-0-00177"]
[Site "LSS email"]
[Date "2012.11.11"]
[Round "?"]
[White "Pons, Francisco"]
[Black "Sharov, Sergey"]
[Result "1-0"]
[WhiteElo "1212"]
[BlackElo "969"]
[PlyCount "57"]
[EventDate "2012.10.25"]
[EventType "tourn (corr)"]
[EventRounds "6"]
[EventCountry "GER"]
[SourceTitle "Telechess CBM 159"]
[Source "ChessBase"]
[SourceDate "2014.03.17"]
[SourceVersion "1"]
[SourceVersionDate "2014.03.17"]
[SourceQuality "1"]

1. e4 e5 2. Nf3 Nf6 3. Nxe5 d6 4. Nf3 Nxe4 5. Nc3 Nxc3 6. dxc3 Be7 7. Bc4 0-0 8. 0-0 Nc6 9. Bb3 Bg4 10. h3 Bh5 11. Qd3 Bg6 12. Qb5 Rb8 13. Be3 Bf6 14. Rae1 a6 15. Qe2 Re8 16. Qd2 Na5 17. Bd4 Nxb3 18. axb3 Bxd4 19. cxd4 Qf6 20. c3 h6 21. Rxe8+ Rxe8 22. Re1 Rxe1+ 23. Qxe1 Qe6 24. Qxe6 fxe6 25. Kf1 Kf7 26. Ke2 Kf6 27. b4 Be4 28. Ng1 e5 29. f3 1-0

[Event "LSS No Engine Cup 75 Preliminary 3"]
[Site "LSS email"]
[Date "2012.10.27"]
[Round "?"]
[White "Gomez, Pedro"]
[Black "Sharov, Sergey"]
[Result "1-0"]
[WhiteElo "611"]
[BlackElo "969"]
[PlyCount "41"]
[EventDate "2012.10.28"]
[EventType "tourn (corr)"]
[EventRounds "6"]
[EventCountry "GER"]
[SourceTitle "Telechess CBM 159"]
[Source "ChessBase"]
[SourceDate "2014.03.17"]
[SourceVersion "1"]
[SourceVersionDate "2014.03.17"]
[SourceQuality "1"]

1. e4 Nf6 2. e5 Nd5 3. c4 Nb6 4. d4 d6 5. exd6 exd6 6. Nc3 Nc6 7. Be3 Bf5 8. g4 Bg6 9. Nh3 Be7 10. f4 Bh4+ 11. Nf2 Qe7 12. Qd2 0-0-0 13. 0-0-0 Rhe8 14. f5 Qxe3 15. Nfe4 Qxd2+ 16. Rxd2 d5 17. cxd5 Nxd5 18. fxg6 hxg6 19. Bd3 Ndb4 20. Bb5 Rxd4 21. Rxd4 1-0

[Event "LSS No Engine Cup 75 Preliminary 3"]
[Site "LSS email"]
[Date "2012.10.27"]
[Round "?"]
[White "Sharov, Sergey"]
[Black "Gyongyosi, Peter Laszlo"]
[Result "1-0"]
[WhiteElo "969"]
[BlackElo "966"]
[PlyCount "43"]
[EventDate "2012.10.28"]
[EventType "tourn (corr)"]
[EventRounds "6"]
[EventCountry "GER"]
[SourceTitle "Telechess CBM 159"]
[Source "ChessBase"]
[SourceDate "2014.03.17"]
[SourceVersion "1"]
[SourceVersionDate "2014.03.17"]
[SourceQuality "1"]

1. e4 d5 2. exd5 Qxd5 3. Nc3 Qa5 4. Bc4 Nf6 5. d3 e6 6. Nf3 Bb4 7. Bd2 c6 8. a3 Bxc3 9. Bxc3 Qd8 10. 0-0 0-0 11. d4 b5 12. Bd3 Nbd7 13. Ne5 Nxe5 14. dxe5 Nd5 15. Bd2 Bb7 16. Qh5 g6 17. Qh6 f6 18. Bxg6 hxg6 19. Qxg6+ Kh8 20. f4 Qe8 21. Qh6+ Kg8 22. Rf3 1-0

[Event "LSS No Engine Cup 75 Preliminary 3"]
[Site "LSS email"]
[Date "2012.10.27"]
[Round "?"]
[White "Sharov, Sergey"]
[Black "Peraza Balleste, Orlando"]
[Result "1-0"]
[WhiteElo "969"]
[BlackElo "1542"]
[PlyCount "36"]
[EventDate "2012.10.28"]
[EventType "tourn (corr)"]
[EventRounds "6"]
[EventCountry "GER"]
[SourceTitle "Corr 2015"]
[Source "ChessBase"]
[SourceDate "2015.07.17"]
[SourceVersion "1"]
[SourceVersionDate "2015.07.17"]
[SourceQuality "1"]

1. e4 e5 2. Nf3 Nc6 3. Bc4 Nf6 4. 0-0 Nxe4 5. Bd5 Nf6 6. Bxc6 dxc6 7. Nxe5 Bc5 8. c3 0-0 9. d4 Bd6 10. h3 Re8 11. Bf4 Nd5 12. Bh2 f6 13. Nf3 Bxh2+ 14. Nxh2 Nf4 15. Nd2 Qd5 16. Qf3 Nxh3+ 17. gxh3 Qg5+ 18. Qg3 Qxd2 1-0

[Event "SF-2012-0-00173"]
[Site "LSS email"]
[Date "2012.10.26"]
[Round "?"]
[White "Gilardi, Oscar"]
[Black "Sharov, Sergey"]
[Result "1-0"]
[WhiteElo "1249"]
[BlackElo "969"]
[PlyCount "43"]
[EventDate "2012.10.07"]
[EventType "tourn (corr)"]
[EventRounds "6"]
[EventCountry "GER"]
[SourceTitle "Telechess CBM 159"]
[Source "ChessBase"]
[SourceDate "2014.03.17"]
[SourceVersion "1"]
[SourceVersionDate "2014.03.17"]
[SourceQuality "1"]

1. e4 c5 2. Nf3 e6 3. d4 cxd4 4. Nxd4 a6 5. c4 Nf6 6. Nc3 Bb4 7. Bd3 Nc6 8. Nxc6 dxc6 9. e5 Bxc3+ 10. bxc3 Qa5 11. exf6 Qxc3+ 12. Bd2 Qxd3 13. fxg7 Rg8 14. Bh6 Qc3+ 15. Kf1 Qxc4+ 16. Kg1 Qd5 17. Qe2 Bd7 18. Rd1 Qf5 19. h4 0-0-0 20. Rh3 Qg6 21. Qd2 e5 22. Rd3 1-0

[Event "SF-2012-0-00173"]
[Site "LSS email"]
[Date "2012.10.26"]
[Round "?"]
[White "Sharov, Sergey"]
[Black "Winter, Malcolm J"]
[Result "1-0"]
[WhiteElo "969"]
[BlackElo "1165"]
[PlyCount "51"]
[EventDate "2012.10.07"]
[EventType "tourn (corr)"]
[EventRounds "6"]
[EventCountry "GER"]
[SourceTitle "Telechess CBM 159"]
[Source "ChessBase"]
[SourceDate "2014.03.17"]
[SourceVersion "1"]
[SourceVersionDate "2014.03.17"]
[SourceQuality "1"]

1. Nf3 d5 2. g3 Nf6 3. Bg2 c6 4. d4 Bg4 5. Ne5 Nbd7 6. Nxg4 Nxg4 7. e4 Ngf6 8. e5 Ng8 9. e6 fxe6 10. Qe2 Ndf6 11. Qxe6 Qd7 12. Bh3 Qxe6+ 13. Bxe6 g6 14. 0-0 Bg7 15. Nd2 Nh6 16. c3 Nf7 17. Re1 0-0 18. Nf3 Kh8 19. Bxf7 Rxf7 20. Ng5 Rff8 21. Rxe7 Rae8 22. Rxe8 Rxe8 23. Be3 Kg8 24. Re1 Ne4 25. Bc1 Bh6 26. Nxe4 1-0

[Event "RF-2012-0-00128"]
[Site "LSS email"]
[Date "2012.09.02"]
[Round "?"]
[White "Sharov, Sergey"]
[Black "Guaimare Rodriguez, Carlos Luis"]
[Result "1/2-1/2"]
[WhiteElo "1085"]
[BlackElo "1030"]
[PlyCount "31"]
[EventDate "2012.07.19"]
[EventType "tourn (corr)"]
[EventRounds "6"]
[EventCountry "GER"]
[SourceTitle "Corr 2015"]
[Source "ChessBase"]
[SourceDate "2015.07.17"]
[SourceVersion "1"]
[SourceVersionDate "2015.07.17"]
[SourceQuality "1"]

1. e4 e5 2. Nf3 Nf6 3. Nxe5 d6 4. Nf3 Nxe4 5. d3 Nf6 6. d4 d5 7. Bd3 Bd6 8. 0-0 0-0 9. Bg5 c6 10. Nbd2 Bg4 11. c3 Nbd7 12. Qc2 h6 13. Bh4 Qc7 14. Bxf6 Nxf6 15. h3 Bxf3 16. Nxf3 1/2-1/2

[Event "RF-2012-0-00128"]
[Site "LSS email"]
[Date "2012.09.02"]
[Round "?"]
[White "Sharov, Sergey"]
[Black "Plummer, Martin"]
[Result "1/2-1/2"]
[WhiteElo "1085"]
[BlackElo "1010"]
[PlyCount "95"]
[EventDate "2012.07.19"]
[EventType "tourn (corr)"]
[EventRounds "6"]
[EventCountry "GER"]
[SourceTitle "Telechess CBM 165"]
[Source "ChessBase"]
[SourceDate "2015.03.11"]
[SourceVersion "1"]
[SourceVersionDate "2015.03.11"]
[SourceQuality "1"]

1. e4 c5 2. Nf3 Nc6 3. d4 cxd4 4. Nxd4 a6 5. c4 g6 6. Nc3 Bg7 7. Be3 e6 8. Rc1 Nge7 9. Nxc6 bxc6 10. Qd6 0-0 11. Be2 Kh8 12. 0-0 Re8 13. Rfd1 Ng8 14. Na4 Qe7 15. Bc5 Qxd6 16. Bxd6 Bf8 17. Nb6 Ra7 18. c5 Bxd6 19. Rxd6 Nf6 20. f3 Rd8 21. Rcd1 Rc7 22. Nxc8 Rdxc8 23. g4 g5 24. h4 h6 25. hxg5 hxg5 26. b4 Ra8 27. Kf2 a5 28. a3 axb4 29. axb4 Rb8 30. R6d4 Rcb7 31. Rb1 Kg7 32. Ba6 Ra7 33. b5 cxb5 34. Bxb5 Rc7 35. Bd3 Rxb1 36. Bxb1 Rxc5 37. Kg3 Rc1 38. Ba2 Rc3 39. e5 Nd5 40. Bxd5 exd5 41. Rxd5 Rc7 42. Rd6 Rb7 43. Kf2 Kf8 44. Ke3 Ke7 45. Ke4 Rb4+ 46. Kf5 Rf4+ 47. Kxg5 Rxf3 48. Ra6 1/2-1/2

[Event "OP-2012-0-02226"]
[Site "LSS email"]
[Date "2012.06.11"]
[Round "?"]
[White "Sharov, Sergey"]
[Black "Schwarz, Ingo"]
[Result "1/2-1/2"]
[WhiteElo "1092"]
[BlackElo "1377"]
[PlyCount "27"]
[EventDate "2012.05.30"]
[EventType "tourn (corr)"]
[EventRounds "4"]
[EventCountry "GER"]
[SourceTitle "Corr 2015"]
[Source "ChessBase"]
[SourceDate "2015.07.17"]
[SourceVersion "1"]
[SourceVersionDate "2015.07.17"]
[SourceQuality "1"]

1. e4 d5 2. exd5 Qxd5 3. Nc3 Qa5 4. Bc4 Nf6 5. Nge2 Bf5 6. d3 e6 7. 0-0 Nbd7 8. Bd2 Bb4 9. a3 Bxc3 10. Bxc3 Qb6 11. Qd2 0-0-0 12. a4 Qd6 13. Qf4 Qxf4 14. Nxf4 1/2-1/2

[Event "RN-2012-0-00483"]
[Site "LSS email"]
[Date "2012.05.19"]
[Round "?"]
[White "Secondi, Alberto"]
[Black "Sharov, Sergey"]
[Result "0-1"]
[WhiteElo "635"]
[BlackElo "1110"]
[PlyCount "34"]
[EventDate "2012.05.08"]
[EventType "tourn (corr)"]
[EventRounds "6"]
[EventCountry "GER"]
[SourceTitle "Corr 2015"]
[Source "ChessBase"]
[SourceDate "2015.07.17"]
[SourceVersion "1"]
[SourceVersionDate "2015.07.17"]
[SourceQuality "1"]

1. d4 Nf6 2. c4 e6 3. Nc3 Bb4 4. Bd2 c5 5. dxc5 Bxc5 6. e3 Nc6 7. Nf3 a6 8. Be2 d5 9. cxd5 exd5 10. 0-0 0-0 11. a3 d4 12. exd4 Nxd4 13. Nxd4 Bxd4 14. Bc4 Qc7 15. Bb3 Rd8 16. Rc1 Ng4 17. Ne4 Qxh2# 0-1

[Event "RN-2012-0-00483"]
[Site "LSS email"]
[Date "2012.05.19"]
[Round "?"]
[White "Semenov, Zhenya"]
[Black "Sharov, Sergey"]
[Result "1/2-1/2"]
[WhiteElo "882"]
[BlackElo "1110"]
[PlyCount "62"]
[EventDate "2012.05.08"]
[EventType "tourn (corr)"]
[EventRounds "6"]
[EventCountry "GER"]
[SourceTitle "Telechess CBM 155"]
[Source "ChessBase"]
[SourceDate "2013.07.16"]
[SourceVersion "1"]
[SourceVersionDate "2013.07.16"]
[SourceQuality "1"]

1. e4 Nf6 2. Nc3 e5 3. d4 exd4 4. Qxd4 Nc6 5. Qd1 Bb4 6. Bd3 d5 7. exd5 Nxd5 8. Bd2 0-0 9. Nf3 Re8+ 10. Ne2 Nf4 11. 0-0 Nxd3 12. cxd3 Qxd3 13. Nf4 Qd6 14. a3 Bxd2 15. Qxd2 Qxd2 16. Nxd2 Bf5 17. Rfe1 Red8 18. Nf3 Bg4 19. Ne5 Nxe5 20. Rxe5 Re8 21. Rae1 Kf8 22. h3 Rxe5 23. Rxe5 Bd7 24. Nd5 c6 25. Nc3 Re8 26. Rg5 Re1+ 27. Kh2 Rc1 28. Rg3 Rc2 29. Rd3 Be6 30. Nd1 Ke7 31. Kg3 Bd5 1/2-1/2